Normal view MARC view

Entry Personal Name

Number of records used in: 15

001 - CONTROL NUMBER

  • control field: 2660

003 - CONTROL NUMBER IDENTIFIER

  • control field: dpl

005 - DATE AND TIME OF LATEST TRANSACTION

  • control field: 20100730141830.0

008 - FIXED-LENGTH DATA ELEMENTS

  • fixed length control field: 100730|||a|||||| | ||| d

040 ## - CATALOGING SOURCE

  • Original cataloging agency: dpl
  • Transcribing agency: dpl

100 ## - HEADING--PERSONAL NAME

  • Personal name: Nayak, Sasmita

670 ## - SOURCE DATA FOUND

  • Source citation: Work cat.: (dpl)34993: Parida, Subhas C. 2659, Empowerment of women in India /, 2009

670 ## - SOURCE DATA FOUND

  • Source citation: Work cat.: (dpl)34993: Parida, Subhas C. 2659, Empowerment of women in India /, 2009

© Delhi Public Library
Hit Counter
free hit counter